000 00370nam a2200145Ia 4500
008 230718s9999 xx 000 0 und d
041 _aEng.
082 _a492.7
_bران-ا
100 _aرانا' آحمد خلیل
245 0 _aاللسان انقربی
260 _aPakistan
_bعلامہ اقبال اوپن
_c2014
300 _a413
650 _aLaw
999 _c31051
_d31051